Countries With Only One International Airport - Statistics

General Stats
  • This quiz has been taken 277 times
    228 since last reset
  • The average score is 39 of 55
Answer Stats
Airport Code Airport Country % Correct
TIA Tirana International Airport Nënë Tereza Albania
90%
BAH _______ International Airport Bahrain
87%
LUX Findel Airport Luxembourg
83%
DOH Hamad International Airport Qatar
83%
SIN _________ Changi Airport Singapore
83%
FNJ Pyongyang Sunan International Airport North Korea
80%
BZE Philip S. W. Goldson International Airport Belize
78%
BJM Bujumbura International Airport Burundi
77%
BEY Beirut Rafic Hariri International Airport Lebanon
77%
PBH Paro Airport Bhutan
76%
NDJ N'Djamena International Airport Chad
76%
CKY Conakry International Airport Guinea
76%
PRN Pristina International Airport Kosovo
76%
KGL Kigali International Airport Rwanda
76%
SEZ __________ International Airport Seychelles
76%
BJL Banjul International Airport Gambia
75%
KWI ______ International Airport Kuwait
75%
MRU Sir Seewoosagur Ramgoolam International Airport Mauritius
75%
SKB Robert L. Bradshaw International Airport Saint Kitts and Nevis
75%
APW Faleolo International Airport Samoa
74%
ASM Asmara International Airport Eritrea
73%
UVF Hewanorra International Airport Saint Lucia
73%
FUN Funafuti International Airport Tuvalu
73%
JIB ________–Ambouli International Airport Djibouti
72%
SHO King Mswati III International Airport eSwatini
72%
KIV Chişinău International Airport Moldova
72%
BWN ______ International Airport Brunei
71%
MSU Moshoeshoe I International Airport Lesotho
71%
INU _____ International Airport Nauru
71%
BGI Grantley Adams International Airport Barbados
70%
DOM Melville Hall Airport Dominica
70%
DIL Presidente Nicolau Lobato International Airport East Timor
70%
ANU VC Bird International Airport Antigua and Barbuda
69%
COO Cadjehoun Airport Benin
69%
GND Maurice Bishop International Airport Grenada
69%
HIR Honiara International Airport Solomon Islands
68%
SSG Malabo International Airport Equatorial Guinea
67%
ULN Chinggis Khaan International Airport Mongolia
67%
SAL Monseñor Óscar Arnulfo Romero International Airport El Salvador
66%
ROR Roman Tmetuchl International Airport Palau
66%
TMS ___ ____ International Airport São Tomé and Príncipe
66%
LFW Tokoin Airport Togo
66%
HAH Prince Said Ibrahim International Airport Comoros
65%
JUB Juba International Airport South Sudan
65%
EBB Entebbe International Airport Uganda
65%
GEO Cheddi Jagan International Airport Guyana
62%
MLA _____ International Airport Malta
62%
DKR Léopold Sédar Senghor International Airport Senegal
62%
ROB Roberts International Airport Liberia
61%
PBM Johan Adolf Pengel International Airport Suriname
60%
NIM Diori Hamani International Airport Niger
56%
BGF M'Poko International Airport Central African Republic
54%
FNA Lungi International Airport Sierra Leone
54%
ABJ Port Bouet Airport Côte d'Ivoire
46%
POM Jacksons International Airport Papua New Guinea
46%
No matching quizzes found
Score Distribution
Percent of People with Each Score
Percentile by Number Answered
Your Score History
You have not taken this quiz since the last reset